| 000 | 01071 a2200253 4500 | ||
|---|---|---|---|
| 999 |
_c1881 _d1881 |
||
| 020 | _a0869241168 | ||
| 050 | 0 | 0 | _aLb 1023 NHE 1999 |
| 100 |
_aNherera Charles M,Machakanja Pamela and Mamimine Patrick _eeditors |
||
| 245 | 0 | 0 |
_aCapacity building in educational research in southern Africa : _bempirical insights into qualitative research methodology / _cedited by Charles M. Nherera (editor-in-chief), Pamela Machakanja (editor), Patrick Mamimine (editor). |
| 264 |
_aZimbabwe;Harare _bHuman resource research centre, _c1999 |
||
| 300 |
_ax, 340 p. : _bill. |
||
| 500 | _aIncludes index | ||
| 504 | _aIncludes bibliographical references. | ||
| 650 | 0 | _aEducation | |
| 650 | 0 |
_aEducation _xResearch _xMethodology. |
|
| 650 | 0 | _aQualitative research | |
| 650 | 0 | _aVocational education | |
| 700 | 1 | _aNherera, Charles M. | |
| 700 | 1 | _aMachakanja, Pamela. | |
| 700 | 1 | _aMamimine, P. W. | |
| 710 | 2 | _aUniversity of Zimbabwe. | |
| 942 |
_2lcc _cBK _h1028 _iNHE _kLB |
||